ბათუმის შოთა რუსთაველის სახელმწიფო უნივერსიტეტის ბიბლიოთეკა

ქართული ჰაგიოგრაფიული ძეგლები. ტ.2 (ბიბ.ჩანაწერი № 34492)

000 -LEADER
fixed length control field 00951nam a2200229Ia 4500
001 - CONTROL NUMBER
control field 241
003 - CONTROL NUMBER IDENTIFIER
control field GE_BSU
008 - FIXED-LENGTH DATA ELEMENTS--GENERAL INFORMATION
fixed length control field 181216s||||||||xx |||||||||||||| ||und||
020 ## - INTERNATIONAL STANDARD BOOK NUMBER
International Standard Book Number 9789994075546
040 ## - CATALOGING SOURCE
Transcribing agency GE_BSU
080 ## - UNIVERSAL DECIMAL CLASSIFICATION NUMBER
Universal Decimal Classification number 821.353.1
245 ## - TITLE STATEMENT
Title ქართული ჰაგიოგრაფიული ძეგლები. ტ.2
245 ## - TITLE STATEMENT
Remainder of title ორიგინალური ტექსტები და ახალი ქართული თარგმანები:3 ტომად
245 ## - TITLE STATEMENT
Statement of responsibility, etc. რედ. ლევან აბაშიძე
260 ## - PUBLICATION, DISTRIBUTION, ETC.
Place of publication, distribution, etc. თბილისი
260 ## - PUBLICATION, DISTRIBUTION, ETC.
Date of publication, distribution, etc. 2007
300 ## - PHYSICAL DESCRIPTION
Extent 651გვ.
653 ## - INDEX TERM--UNCONTROLLED
Uncontrolled term სიბრძნე ბალავარისა; წმინდა გრიგოლ ხანცთელის ცხოვრება
653 ## - INDEX TERM--UNCONTROLLED
Uncontrolled term ქართული ჰაგიოგრაფიული ძეგლები
942 ## - ADDED ENTRY ELEMENTS (KOHA)
Koha item type წიგნი
ეგზემპლარები
Withdrawn status Lost status Damaged status Not for loan Date acquired Barcode Date last seen Price effective from Koha item type Public note
        2018-12-17 2331 2018-12-17 2018-12-17 წიგნი დარბაზი
        2018-12-17 2330 2018-12-17 2018-12-17 წიგნი